| 000 | 00428nam a2200145Ia 4500 | ||
|---|---|---|---|
| 008 | 210719s1944 xx 000 0 und d | ||
| 041 | _aeng | ||
| 082 | _a370.15 PREP | ||
| 100 | _aPRESSEY (Sidney L) and ROBINSON (Francis P) | ||
| 245 | _aPsychology and the new education. Rev Ed. | ||
| 260 |
_aNew York. _bHarper & Brothers Publishers., _c1944 |
||
| 300 |
_axviii,654 _bHB |
||
| 365 | _cRs | ||
| 650 | _aEducational Psychology | ||
| 999 |
_c212631 _d212631 |
||